|
|
|
|
| LEADER |
00000nam0a2200000 4500 |
| 001 |
360350 |
| 005 |
20231102011258.0 |
| 035 |
|
|
|a (RuTPU)RU\TPU\retro\17676
|
| 090 |
|
|
|a 360350
|
| 100 |
|
|
|a 20210401d1973 m y0rusy50 ca
|
| 101 |
0 |
|
|a rus
|
| 102 |
|
|
|a RU
|
| 105 |
|
|
|a y z 001zy
|
| 200 |
1 |
|
|a Северная угольно-металлургическая база СССР: возникновение и развитие
|f Ю. Л. Дьяков
|
| 210 |
|
|
|a Москва
|c Мысль
|d 1973
|
| 215 |
|
|
|a 256 с.
|
| 320 |
|
|
|a Библиогр.: с. 235-254
|
| 606 |
1 |
|
|a Угольная промышленность
|2 stltpush
|3 (RuTPU)RU\TPU\subj\72515
|9 85992
|
| 606 |
1 |
|
|a Черная металлургическая промышленность
|x Сырьевая база
|2 stltpush
|3 (RuTPU)RU\TPU\subj\18635
|9 44026
|
| 610 |
1 |
|
|a СССР
|
| 610 |
1 |
|
|a угольно-металлургическая база
|
| 610 |
1 |
|
|a угольно-металлургическая промышленность
|
| 610 |
1 |
|
|a Печорский угольный бассейн
|
| 610 |
1 |
|
|a военные годы
|
| 610 |
1 |
|
|a Великая Отечественная война 1941-1945
|
| 610 |
1 |
|
|a Европейский Север
|
| 610 |
1 |
|
|a послевоенные годы
|
| 610 |
1 |
|
|a промышленный комплекс
|
| 610 |
1 |
|
|a развитие
|
| 675 |
|
|
|a 622.333
|v 4
|
| 675 |
|
|
|a 622.341
|v 4
|
| 700 |
|
1 |
|a Дьяков
|b Ю. Л.
|g Юрий Леонтьевич
|
| 801 |
|
1 |
|a RU
|b 63413507
|c 20210401
|
| 801 |
|
2 |
|a RU
|b 63413507
|c 20210913
|g RCR
|
| 942 |
|
|
|c BK
|